Реактивните самолети (Запис номер 21890)
[ съкратено ]
| 000 -Лидер | |
|---|---|
| Контролно поле с фиксирана дължина | 02119nam a2200445 c 4500 |
| 003 - Код на организацията, давaща контролен номер | |
| Контролно поле | BLK |
| 005 - Дата и час на последна редакция | |
| Контролно поле | 20180422095311.0 |
| 008 - Елементи от данни с фиксирана дължина | |
| fixed length control field | 180413b bul|||||r ||||||| ||bul|| |
| 010 ## - Наследен системен номер | |
| LC control number | KNG00024208000 |
| 020 ## - Международен стандартен номер на книга ISBN | |
| Международен стандартен номер на книга ISBN | 954-752-001-6 |
| -- | издат.: Еър груп 2000 - на том(т. 5) |
| 040 ## - Източник на каталожния запис | |
| Идентификатор на билиотеката - собственик на записа | BLK |
| 041 ## - Код за език | |
| Код за езика на текст/звукозапис или на отделно заглавие | Български |
| Код за езика КДБФ | Български |
| 080 ## - УДК | |
| Текстов определител УДК | Самолети |
| УДК код - определител по УДК | 629.735.33 |
| УДК определител | .03(091) |
| УДК - код + определител | 629.735.33.03(091) |
| 080 ## - УДК | |
| Текстов определител УДК | Техника на военната и военно-морската авиация. Маскировка и др |
| УДК код - определител по УДК | 623.7 |
| УДК определител | (47+57)(091) |
| УДК - код + определител | 623.7(47+57)(091) |
| 100 1# - Редна дума - Автор | |
| Автор | Бориславов, Иван |
| Авторска отговорност | първи автор |
| R(LIN) | 363732 |
| 139 ## - Редно поле | |
| Редна дума | Бориславов, Иван |
| Авторски знак | Борд - Б 65 |
| 245 10 - Сведения за заглавието | |
| Заглавие | Реактивните самолети |
| Подзаглавни данни | Т. 1 - За том: 1961-1999 |
| Редно поле (дума) | Иван Бориславов; авт. на том Иван Бориславов; съавт. на том Александър Младенов. |
| Том | Т. 5 |
| Заглавие на том | Самолети на СССР/Русия |
| 257 ## - Страна на издаване | |
| Страна на създаване/издаване | България |
| 260 ## - Област на издателските данни | |
| -- | София |
| Име на издателя, разпространителя и проч. | Литера Прима |
| Година на издаване | 1994 - |
| Печатница | За том: София : Образование и наука |
| 300 ## - Физическа характеристика | |
| Размери/Мащаб | 24 см |
| 380 ## - Жанр | |
| Жанр | Техника |
| 504 ## - Забележка за наличие на библиография и др | |
| Забележка за наличие на библиография и под. | 251 |
| 650 #4 - Допълнително описание по предмет – тема | |
| Основно описание – тема или топоним | Самолети, реактивни - история |
| 9 (RLIN) | 252406 |
| 650 #4 - Допълнително описание по предмет – тема | |
| Основно описание – тема или топоним | Самолетостроене |
| 9 (RLIN) | 170188 |
| 650 #4 - Допълнително описание по предмет – тема | |
| Основно описание – тема или топоним | Авиационни конструкции - история |
| 9 (RLIN) | 252408 |
| 651 #4 - Допълнително описание по предмет - топоним | |
| Географско понятие | СССР |
| 9 (RLIN) | 179592 |
| 651 #4 - Допълнително описание по предмет - топоним | |
| Географско понятие | Русия |
| 9 (RLIN) | 179465 |
| 653 ## - Ключова дума – ненормативна | |
| Ключова дума | реактивни самолети |
| 653 ## - Ключова дума – ненормативна | |
| Ключова дума | самолети |
| 653 ## - Ключова дума – ненормативна | |
| Ключова дума | самолетостроене |
| 653 ## - Ключова дума – ненормативна | |
| Ключова дума | бойни самолети |
| 700 1# - Други автори (авторска отговорност) | |
| Лично име | Бориславов, Иван |
| Автороска отговорност (Описва отношението между автора и произведението) | авт. на том |
| 9 (RLIN) | 363732 |
| 700 1# - Други автори (авторска отговорност) | |
| Лично име | Младенов, Александър |
| Автороска отговорност (Описва отношението между автора и произведението) | съавт. на том |
| 9 (RLIN) | 364670 |
| 760 1# - Описание на основната серия | |
| -- | - на том(т. 5) |
| Редна дума на основното описание | Бориславов, Иван |
| Място на издаване, издател и година | Еър груп 2000, 2000 |
| Страници - том | 256 с. : с ил., сх. |
| Забележка - том | Библиогр. с. 251 |
| Заглавие | Т. 5 Самолети на СССР/Русия |
| 852 ## - Местоположение | |
| Форматна сигнатура | Цб 181968 |
| 856 4# - Електронен адрес и достъп | |
| Електронен формат | pdf - файл |
| Път до файла /url/ | |
| 856 4# - Електронен адрес и достъп | |
| Електронен формат | pdf - файл |
| Път до файла /url/ | |
| 942 ## - АРТИКУЛИ | |
| Вид на библиотечния материал | Книги |
| Скрит в OPAC | Не |
| 944 ## - СЪЗДАВАНЕ И РЕДАКЦИЯ на ЗАПИСА | |
| Създаване/Редакция | Създаване |
| Дата на регистрацията/редакция | 15.01.2003 |
| Служител, извършил регистрацията/редакцията | Геновева_Генчева |
| 944 ## - СЪЗДАВАНЕ И РЕДАКЦИЯ на ЗАПИСА | |
| Създаване/Редакция | Редакция |
| Дата на регистрацията/редакция | 12.06.2013 |
| Служител, извършил регистрацията/редакцията | |
| 999 ## - СИСТЕМНИ КОНТРОЛНИ НОМЕРА | |
| Koha biblionumber | 21890 |
| Koha biblioitemnumber | 21890 |
| Код за отписване | Код за изгубен артикул | Източник на класификационната схема | Код за повреда | Коз за рестрикции | Код за отдаване | Артикулен № | Име на библиотеката - собственик | Име на библиотеката, в която се намира в момента | Статус (Текущо местоположение) | Дата на вписване в системата | Местоположение - отдел | Цена в лева | Инвентарен номер | Систематично азбучна сигнатура | Баркод | Номер на екземпляра | Цена в евро | Служебна бележка | Служебен тип на артикула |
|---|---|---|---|---|---|---|---|---|---|---|---|---|---|---|---|---|---|---|---|
| Не е изгубен | Universal Decimal Classification | Не е повреден | без рестрикции | ползва се в читалня | 36197 | Регионална библиотека "Любен Каравелов" Русе | Регионална библиотека "Любен Каравелов" Русе | Хранилище | 2001-01-01 | Хранилище | 12.00 | 656209 | Цб 181968 | 120000656209 | 1 | 6.14 | Дост: Dp Вид: Д N: 23 Дата: 01.01.2001 Дата инв: 06.01.2015 Бележки инв: Цб2015 | Книги | |
| Не е изгубен | Universal Decimal Classification | Не е повреден | без рестрикции | ползва се в читалня | 36198 | Регионална библиотека "Любен Каравелов" Русе | Регионална библиотека "Любен Каравелов" Русе | Читалня | 2000-01-01 | Читалня | 12.00 | 655289 | Ч 629.7/Б 65 | 120000655289 | 2 | 6.14 | Дост: Pk Вид: Ф N: стар фонд Дата: 01.01.2000 Дата инв: 24.03.2017 Бележки инв: Ч2017 | Книги | |
| Изтеглен | Не е изгубен | Universal Decimal Classification | Не е повреден | без рестрикции | заемане за дома | 36199 | Регионална библиотека "Любен Каравелов" Русе | Регионална библиотека "Любен Каравелов" Русе | Заемна - подръчен фонд | 2000-01-01 | Заемна - подръчен фонд | 12.00 | 655728 | П 629.73/Б 65 | 655728 | 3 | 6.14 | Дост: Pk Вид: Ф N: стар фонд Дата: 01.01.2000 | Книги |